[Event "ICS rated bullet match"]
[Site "204.178.125.65"]
[Date "2000.11.20"]
[Round "?"]
[White "Akib"]
[Black "Hossa"]
[Result "0-1"]
[WhiteElo "2052"]
[BlackElo "2649"]
[PlyCount "22"]
[EventDate "2000.??.??"]

1. e4 e5 2. Nf3 Nc6 3. d3 Nf6 4. Nc3 Bb4 5. Be2 d5 6. exd5 Nxd5 7. Bd2 O-O 8.
O-O Nxc3 9. bxc3 Ba3 10. Be3 Bb2 11. Rb1 Bxc3 {Akib resigns} 0-1

[Event "ICS rated bullet match"]
[Site "204.178.125.65"]
[Date "2000.11.20"]
[Round "?"]
[White "Hossa"]
[Black "Akib"]
[Result "1-0"]
[WhiteElo "2650"]
[BlackElo "2051"]
[PlyCount "65"]
[EventDate "2000.??.??"]

1. e4 d6 2. d4 Nf6 3. Nc3 g6 4. Bg5 Bg7 5. Nf3 O-O 6. Bc4 c6 7. e5 d5 8. Bd3
Nfd7 9. Qd2 f6 10. exf6 exf6 11. Bh6 Re8+ 12. Ne2 Na6 13. Bxg7 Kxg7 14. Bxa6
bxa6 15. O-O Rb8 16. b3 Nf8 17. Rfe1 Ne6 18. Nf4 Qd6 19. c3 Bd7 20. Nd3 Re7 21.
Re2 Ree8 22. Rae1 Nf8 23. Rxe8 Rxe8 24. Rxe8 Bxe8 25. Nc5 a5 26. Qe2 Bd7 27.
Qa6 Qe7 28. Qxa7 Qe2 29. h3 Qd1+ 30. Kh2 Qc1 31. Nxd7 Qf4+ 32. g3 Qxf3 33. Ne5+
{Akib resigns} 1-0

[Event "ICS rated bullet match"]
[Site "204.178.125.65"]
[Date "2000.11.20"]
[Round "?"]
[White "twixer"]
[Black "Hossa"]
[Result "1/2-1/2"]
[WhiteElo "2441"]
[BlackElo "2651"]
[PlyCount "130"]
[EventDate "2000.??.??"]

1. d4 d6 2. e4 Nf6 3. Nc3 c6 4. Be2 b5 5. a3 e6 6. Nf3 Be7 7. O-O O-O 8. e5
dxe5 9. Nxe5 Bb7 10. Bf3 Nd5 11. Bxd5 exd5 12. Qg4 Bc8 13. Qh5 Be6 14. Re1 Re8
15. Ne2 Qc8 16. Nf4 g6 17. Qf3 Bf5 18. Nxd5 cxd5 19. Qxd5 Nd7 20. Qxf7+ Kh8 21.
Bf4 Bf8 22. c4 bxc4 23. Rac1 Re7 24. Qxc4 Qxc4 25. Rxc4 Kg8 26. Bg5 Nxe5 27.
dxe5 Rb7 28. Bc1 Be6 29. Rc3 Bb3 30. Bg5 Rab8 31. Bf6 Bh6 32. Rc5 Rf8 33. f3
Bf4 34. Re4 Bd2 35. h4 Bh6 36. f4 Bg7 37. Bxg7 Kxg7 38. g3 Rd8 39. Kf2 h6 40.
Ke3 Rd1 41. Rb4 Rxb4 42. Rc7+ Bf7 43. axb4 a6 44. Ra7 Rg1 45. Kd4 Rd1+ 46. Kc5
Rc1+ 47. Kb6 Re1 48. Rxa6 Rb1 49. Kc5 Rxb2 50. e6 Be8 51. Ra8 Kf8 52. Ra7 Rg2
53. b5 Rc2+ 54. Kb6 Rb2 55. Kc5 Rxb5+ 56. Kd6 Rb3 57. g4 Rd3+ 58. Ke5 Rg3 59.
Kf6 Rxg4 60. e7+ Kg8 61. Ra8 Rxf4+ 62. Ke6 Re4+ 63. Kf6 Rf4+ 64. Ke6 Re4+ 65.
Kf6 Rf4+ {Game drawn by repetition} 1/2-1/2

[Event "ICS rated bullet match"]
[Site "204.178.125.65"]
[Date "2000.11.20"]
[Round "?"]
[White "Hossa"]
[Black "twixer"]
[Result "0-1"]
[WhiteElo "2642"]
[BlackElo "2450"]
[PlyCount "128"]
[EventDate "2000.??.??"]

1. e4 c6 2. c4 d5 3. exd5 Nf6 4. dxc6 Nxc6 5. Nf3 e5 6. d3 Bf5 7. Be2 Bb4+ 8.
Nc3 e4 9. Nh4 Be6 10. O-O O-O 11. dxe4 Bxc3 12. bxc3 Nxe4 13. Qc2 Qxh4 14. g3
Nxg3 15. hxg3 Qh3 16. Qe4 Rfe8 17. Re1 Rad8 18. Bf1 Qh5 19. Qh4 Qa5 20. Bb2 Rd2
21. Re2 Red8 22. Qf4 Rd1 23. a3 Rxa1 24. Bxa1 Qxa3 25. Re1 Qa2 26. Qc7 Qb3 27.
Be2 Rd2 28. Bf3 h6 29. Bxc6 bxc6 30. Qxc6 Qa2 31. Qa8+ Kh7 32. Qe4+ g6 33. Qf4
Bxc4 34. Rc1 a5 35. Re1 a4 36. Rc1 a3 37. Qf6 Rb2 38. Qd4 Rb1 39. Rxb1 Qxb1+
40. Kh2 Qf1 41. g4 Kg8 42. Qd8+ Kg7 43. Qd4+ Kh7 44. Kg3 Be2 45. Qf6 Qg1+ 46.
Kf4 Qxf2+ 47. Ke5 Qc5+ 48. Kf4 g5+ 49. Ke4 Qc4+ 50. Qd4 Qe6+ 51. Qe5 Qxg4+ 52.
Ke3 Qf3+ 53. Kd4 Qd3+ 54. Kc5 Qb5+ 55. Kd4 Qc4+ 56. Ke3 Qd3+ 57. Kf2 Qf3+ 58.
Ke1 Bc4 59. Qe8 Qf1+ 60. Kd2 Qd3+ 61. Kc1 Bb3 62. Qh8+ Kxh8 63. c4+ Kh7 64. Bf6
Qd1# {Hossa checkmated} 0-1

[Event "ICS rated bullet match"]
[Site "204.178.125.65"]
[Date "2000.11.20"]
[Round "?"]
[White "twixer"]
[Black "Hossa"]
[Result "1-0"]
[WhiteElo "2474"]
[BlackElo "2618"]
[PlyCount "163"]
[EventDate "2000.??.??"]

1. d4 d6 2. e4 Nf6 3. Nc3 c6 4. Be2 b5 5. a3 e6 6. Nf3 Be7 7. Bf4 O-O 8. Qd2
Nh5 9. Bg5 f6 10. Bh4 g5 11. Bg3 Nxg3 12. hxg3 f5 13. Rh5 f4 14. gxf4 gxf4 15.
d5 a6 16. O-O-O Qb6 17. Ng5 Qxf2 18. dxe6 Re8 19. Nh3 Qe3 20. Nxf4 Qxd2+ 21.
Rxd2 Rf8 22. g3 a5 23. e5 dxe5 24. Rxe5 b4 25. Nb1 Ra7 26. Bh5 Bf6 27. Re4 Kh8
28. axb4 axb4 29. Rxb4 Be5 30. Re4 Bf6 31. Na3 Rg8 32. Re3 Na6 33. Bf7 Rf8 34.
Rh2 Bg5 35. e7 Rxe7 36. Rxe7 Bxe7 37. Ng6+ Kg7 38. Nxf8 Bxf8 39. Be8 Nb4 40.
Nc4 Be7 41. Ne5 c5 42. Rh5 Be6 43. Kd2 Nd5 44. Bc6 Nb6 45. Be4 h6 46. Bf5 Bd5
47. Bd3 Bg5+ 48. Ke1 c4 49. Be2 Kf6 50. Ng4+ Kg6 51. Kf2 Be4 52. Ne5+ Kf6 53.
Nxc4 Nxc4 54. Bxc4 Bxc2 55. b4 Be4 56. b5 Ke5 57. Be2 Kd4 58. Rxg5 hxg5 59. Bf3
Bb7 60. Bxb7 Ke5 61. b6 Ke6 62. Bc6 Kd6 63. Be8 Ke7 64. b7 Ke6 65. b8=Q Kd5 66.
Qb5+ Kd6 67. Qxg5 Ke6 68. g4 Kd6 69. Qe5+ Kxe5 70. g5 Kf5 71. g6 Kf6 72. Ke3
Kg7 73. Ke4 Kf6 74. Kd5 Kg7 75. Ke6 Kh6 76. Kf5 Kg7 77. Bc6 Kh6 78. Kf6 Kh5 79.
g7 Kg4 80. g8=Q+ Kh4 81. Bd7 Kh5 82. Qh8# {Hossa checkmated} 1-0

[Event "ICS rated bullet match"]
[Site "204.178.125.65"]
[Date "2000.11.20"]
[Round "?"]
[White "Hossa"]
[Black "twixer"]
[Result "1-0"]
[WhiteElo "2596"]
[BlackElo "2496"]
[PlyCount "167"]
[EventDate "2000.??.??"]

1. d4 Nf6 2. Nc3 d6 3. Nf3 Bg4 4. e4 e6 5. h3 Bh5 6. Bd3 Nc6 7. Be3 Bxf3 8.
Qxf3 Be7 9. O-O-O O-O 10. h4 e5 11. d5 Nb4 12. Be2 c5 13. g4 Qc7 14. a3 Na6 15.
h5 Nd7 16. g5 Nb6 17. Qf5 Qc8 18. Qxc8 Rfxc8 19. h6 g6 20. Bxa6 bxa6 21. b3 f6
22. gxf6 Bxf6 23. a4 c4 24. b4 Rcb8 25. a5 Nd7 26. Na2 Rb7 27. Kd2 Rab8 28.
Rhg1 Be7 29. Kc3 Rc8 30. Nc1 Rcb8 31. Kxc4 Rxb4+ 32. Kd3 Rc8 33. Nb3 Rbc4 34.
Rc1 Rc3+ 35. Kd2 Kf7 36. Kd1 Nf6 37. Nd2 Bd8 38. Re1 Bxa5 39. Ra1 Bb6 40. Bxb6
axb6 41. Rxa6 Nd7 42. Ra7 Ke7 43. Ra2 Rh3 44. Ra7 Rxh6 45. Nf3 Rh3 46. Re3 Rh1+
47. Kd2 Rf1 48. Ke2 Rc1 49. Ne1 Rc4 50. Kd3 Rb4 51. Kd2 Rbb1 52. Nd3 Rf1 53.
Rh3 h5 54. Rg3 Rg1 55. Nb4 g5 56. Nc6+ Ke8 57. Ra8+ Kf7 58. Rf3+ Nf6 59. Ra7+
Kg6 60. Ne7+ Kg7 61. Nf5+ Kh8 62. Nxd6 Rbd1+ 63. Kc3 Ra1 64. Rxa1 Nxe4+ 65.
Nxe4 Rxa1 66. Rf8+ Kg7 67. Rf5 Rg1 68. Rxe5 b5 69. Rxg5+ Rxg5 70. Nxg5 b4+ 71.
Kxb4 h4 72. c4 Kf8 73. c5 Ke7 74. c6 Kd6 75. Ne4+ Kc7 76. Kc5 Kc8 77. d6 Kd8
78. c7+ Kd7 79. Nf6+ Ke6 80. d7 Kf5 81. d8=Q Kf4 82. Qd5 h3 83. c8=Q h2 84.
Qcf5# {twixer checkmated} 1-0

[Event "ICS rated bullet match"]
[Site "204.178.125.65"]
[Date "2000.11.20"]
[Round "?"]
[White "twixer"]
[Black "Hossa"]
[Result "1-0"]
[WhiteElo "2484"]
[BlackElo "2608"]
[PlyCount "55"]
[EventDate "2000.??.??"]

1. d4 Nf6 2. Nf3 g6 3. c4 Bg7 4. Nc3 d5 5. Qb3 dxc4 6. Qxc4 O-O 7. e4 Ne8 8. e5
c6 9. Bg5 h6 10. Be3 Nd7 11. Bd3 Nb6 12. Qb4 Bg4 13. O-O-O a5 14. Qb3 a4 15.
Qb4 Bh5 16. h4 Kh8 17. Rh3 e6 18. Rg1 Rg8 19. Ne4 Bf8 20. Qd2 Bg4 21. Bxh6 a3
22. Bxf8 axb2+ 23. Kb1 Rxf8 24. Qh6+ Kg8 25. Neg5 Qxg5 26. Nxg5 Nf6 27. exf6
Bxh3 28. Qh7# {Hossa checkmated} 1-0

[Event "ICS rated bullet match"]
[Site "204.178.125.65"]
[Date "2000.11.20"]
[Round "?"]
[White "Hossa"]
[Black "Kipje"]
[Result "1-0"]
[WhiteElo "2587"]
[BlackElo "2064"]
[PlyCount "111"]
[EventDate "2000.??.??"]

1. Nf3 c6 2. d4 d5 3. Bg5 g6 4. e3 Bg7 5. c4 Nf6 6. Bd3 O-O 7. Nc3 Bg4 8. h3
Bxf3 9. Qxf3 e6 10. cxd5 cxd5 11. Rc1 Nc6 12. O-O Rc8 13. a3 Na5 14. Nb5 a6 15.
Rxc8 Qxc8 16. Bxf6 Bxf6 17. Qxf6 axb5 18. Bxb5 Qc2 19. b4 Nc4 20. Bxc4 Qxc4 21.
Qe7 Qc6 22. Qc5 Qa6 23. b5 Qa4 24. b6 Ra8 25. Qc7 Qxa3 26. Qxb7 Qa6 27. Qxa6
Rxa6 28. Rb1 Ra8 29. b7 Rb8 30. f4 Kf8 31. g4 Ke7 32. h4 Kd7 33. e4 dxe4 34.
Kf2 Kc7 35. g5 Rxb7 36. Rxb7+ Kxb7 37. Ke3 Kc6 38. Kxe4 Kd6 39. Kd3 Kd5 40. Ke3
Kc4 41. Ke4 Kc3 42. d5 exd5+ 43. Kxd5 Kd3 44. f5 gxf5 45. Ke5 Ke3 46. Kxf5 Kf3
47. h5 Kg3 48. h6 Kh4 49. Kf6 Kg4 50. Kxf7 Kxg5 51. Kg7 Kh5 52. Kxh7 Kg5 53.
Kg7 Kf5 54. h7 Ke5 55. h8=Q Ke4 56. Qh3 {Kipje resigns} 1-0

[Event "ICS rated bullet match"]
[Site "204.178.125.65"]
[Date "2000.11.20"]
[Round "?"]
[White "Kipje"]
[Black "Hossa"]
[Result "0-1"]
[WhiteElo "2062"]
[BlackElo "2589"]
[PlyCount "44"]
[EventDate "2000.??.??"]

1. d4 Nf6 2. c4 e6 3. Nc3 Bb4 4. e3 O-O 5. Bd3 d5 6. Nge2 c5 7. O-O cxd4 8.
exd4 dxc4 9. Bxc4 Nc6 10. a3 Ba5 11. Bg5 Bb6 12. Qd3 Nxd4 13. Nxd4 Qxd4 14. Qh3
Qxc4 15. Bxf6 gxf6 16. Rac1 Qf4 17. Ne2 Qd2 18. Rc3 Rd8 19. Rg3+ Kf8 20. Qxh7
Qxe2 21. Rg7 Qxf2+ 22. Rxf2 Rd1# {Kipje checkmated} 0-1

[Event "ICS rated bullet match"]
[Site "204.178.125.65"]
[Date "2000.11.20"]
[Round "?"]
[White "Hossa"]
[Black "Kipje"]
[Result "1-0"]
[WhiteElo "2590"]
[BlackElo "2061"]
[PlyCount "21"]
[EventDate "2000.??.??"]

1. c4 c5 2. Nf3 Nf6 3. Nc3 b6 4. d4 cxd4 5. Nxd4 Bb7 6. Bg5 e6 7. Ndb5 a6 8.
Nd6+ Bxd6 9. Qxd6 Qe7 10. Qxb6 Nd5 11. Qxb7 {Kipje resigns} 1-0

[Event "ICS rated bullet match"]
[Site "204.178.125.65"]
[Date "2000.11.20"]
[Round "?"]
[White "Kipje"]
[Black "Hossa"]
[Result "0-1"]
[WhiteElo "2060"]
[BlackElo "2591"]
[PlyCount "44"]
[EventDate "2000.??.??"]

1. d4 Nf6 2. c4 e6 3. a3 d5 4. Nc3 dxc4 5. e3 Bd6 6. Bxc4 O-O 7. Nf3 c5 8. O-O
cxd4 9. exd4 Bd7 10. Bg5 Qc7 11. Qd3 Ng4 12. h3 Nh2 13. Nxh2 Bxh2+ 14. Kh1 Rc8
15. Ba2 Bd6 16. Rac1 Qb6 17. Bb1 f5 18. Rfe1 Qxb2 19. g4 h6 20. d5 hxg5 21.
dxe6 Qxf2 22. Qxf5 Qh2# {Kipje checkmated} 0-1

[Event "ICS rated bullet match"]
[Site "204.178.125.65"]
[Date "2000.11.20"]
[Round "?"]
[White "Hossa"]
[Black "Kipje"]
[Result "1-0"]
[WhiteElo "2592"]
[BlackElo "2059"]
[PlyCount "69"]
[EventDate "2000.??.??"]

1. d4 Nf6 2. Nc3 d5 3. Bg5 e6 4. e4 dxe4 5. Nxe4 Be7 6. Nxf6+ gxf6 7. Bh6 Nd7
8. c3 b6 9. Qh5 Bb7 10. Bg7 Rg8 11. Qxh7 Rxg7 12. Qxg7 Bf8 13. Qh7 c6 14. O-O-O
Qc7 15. h4 O-O-O 16. Qxf7 Bh6+ 17. Kb1 c5 18. Qxe6 Kb8 19. d5 Nf8 20. Qxf6 Bg7
21. Qf5 Bc8 22. Qe4 Qf7 23. g4 Ng6 24. Bc4 Ne5 25. f3 Nxc4 26. Qxc4 Re8 27. Qa4
Qg6+ 28. Qc2 Qf7 29. Qd3 Bd7 30. Qa6 Bc8 31. Qf1 Bd7 32. Nh3 Bc8 33. d6 Rd8 34.
Ng5 Bb7 35. Nxf7 {Kipje resigns} 1-0

[Event "ICS rated blitz match"]
[Site "204.178.125.65"]
[Date "2000.11.20"]
[Round "?"]
[White "federico"]
[Black "Hossa"]
[Result "0-1"]
[WhiteElo "2007"]
[BlackElo "2419"]
[PlyCount "100"]
[EventDate "2000.??.??"]

1. e4 c6 2. Nc3 g6 3. d4 Bg7 4. f4 d5 5. e5 Nh6 6. Nf3 O-O 7. Bd3 Bg4 8. Be3 c5
9. h3 c4 10. Be2 Bc8 11. O-O Nc6 12. g4 f5 13. g5 Nf7 14. Kf2 b5 15. Rh1 b4 16.
Nb1 Qa5 17. c3 Rb8 18. Bc1 bxc3 19. Nxc3 Nb4 20. a3 Ba6 21. h4 Nd3+ 22. Bxd3
cxd3 23. b4 Rxb4 24. axb4 Qxa1 25. Bd2 Qxd1 26. Rxd1 Bc4 27. Ra1 a6 28. Na4 Rb8
29. Nc5 Nd8 30. Ke3 Nc6 31. Ra4 Rc8 32. Ne1 h6 33. Nexd3 hxg5 34. hxg5 Ra8 35.
Ne6 Kf7 36. Ndc5 Rh8 37. Be1 Bb5 38. Ra1 Rh1 39. Bc3 Rxa1 40. Bxa1 Nxb4 41. Nc7
Nc2+ 42. Kd2 Nxa1 43. N7xa6 Bxa6 44. Nxa6 Nb3+ 45. Kc3 Na5 46. Kb4 Nc4 47. Kc5
e6 48. Nc7 Ke7 49. Nb5 Nb2 50. Kc6 Nd3 {federico resigns} 0-1

[Event "ICS rated blitz match"]
[Site "204.178.125.65"]
[Date "2000.11.20"]
[Round "?"]
[White "Hossa"]
[Black "QueenMaxima"]
[Result "1-0"]
[WhiteElo "2422"]
[BlackElo "2620"]
[PlyCount "177"]
[EventDate "2000.??.??"]

1. d4 Nf6 2. Nf3 g6 3. c4 Bg7 4. Nc3 d6 5. e4 Nbd7 6. Bd3 O-O 7. O-O e5 8. dxe5
Nxe5 9. Nxe5 dxe5 10. Be3 Bg4 11. f3 Be6 12. Qc2 Qd7 13. Rfd1 Rad8 14. Bc5 Rfe8
15. Nb5 Qc6 16. Be3 a6 17. Na3 Nd7 18. c5 Rc8 19. Rd2 Red8 20. Rad1 Ra8 21. Nc4
Nxc5 22. Na5 Qa4 23. Qxc5 b6 24. Qxc7 Qxa5 25. b3 Rdb8 26. Rc2 Kh8 27. g3 Kg8
28. Kh1 Kh8 29. Bc5 f6 30. Kg1 Bh3 31. a3 Rd8 32. Bb4 Qb5 33. Bxb5 Rxd1+ 34.
Kf2 axb5 35. Qb7 Rf1+ 36. Ke2 Rg8 37. Qf7 Rh1 38. Ke3 f5 39. Rf2 Rc8 40. Re2
Bh6+ 41. f4 exf4+ 42. gxf4 Rf1 43. Bd6 Bg7 44. e5 Bg4 45. Qb7 Rf3+ 46. Kd2 Rg8
47. Qxb6 Rxb3 48. Re1 Rb2+ 49. Kd3 Bh5 50. h4 Bf3 51. Kc3 Rh2 52. Kd4 Rxh4 53.
Rf1 Be4 54. Qxb5 Rd8 55. Qb6 Rc8 56. Qa6 Ra8 57. Qc4 Rh2 58. Rd1 Rf2 59. Qc1
Rc2 60. Qa1 Rac8 61. Bb4 Bh6 62. Ke3 g5 63. e6+ Bg7 64. e7 gxf4+ 65. Kxf4 Bxa1
66. Rd8+ Kg7 67. e8=Q Rf2+ 68. Ke3 Rf3+ 69. Ke2 Rxd8 70. Qxd8 Bb2 71. Qf8+ Kg6
72. Qg8+ Kh5 73. Qxh7+ Kg4 74. Qg6+ Kh3 75. Bd6 Kh4 76. a4 Rd3 77. Bf4 Re3+ 78.
Bxe3 Be5 79. a5 Bg3 80. a6 Bc2 81. a7 Be4 82. Qf6+ Kg4 83. Qd4 Kh5 84. Qxe4
fxe4 85. a8=Q Kh4 86. Qxe4+ Kh3 87. Kf3 Be1 88. Qg4+ Kh2 89. Qg2# {
QueenMaxima checkmated} 1-0

[Event "ICS rated bullet match"]
[Site "204.178.125.65"]
[Date "2000.11.20"]
[Round "?"]
[White "Hossa"]
[Black "ELLI"]
[Result "1-0"]
[WhiteElo "2593"]
[BlackElo "2011"]
[PlyCount "47"]
[EventDate "2000.??.??"]

1. d4 c6 2. c4 d6 3. Nf3 e6 4. e4 Nf6 5. Nc3 Be7 6. Bd3 O-O 7. O-O Nfd7 8. Bf4
f5 9. exf5 exf5 10. Re1 Nf6 11. Qb3 Kh8 12. Qc2 Nbd7 13. Bxf5 Nb6 14. Bxc8 Rxc8
15. Ng5 Qe8 16. Bxd6 Bxd6 17. Rxe8 Rcxe8 18. c5 Bf4 19. cxb6 Bxg5 20. bxa7 Ra8
21. Qa4 Nd7 22. Kf1 Nb6 23. Qb4 Bf6 24. Qxb6 {ELLI resigns} 1-0

[Event "ICS rated bullet match"]
[Site "204.178.125.65"]
[Date "2000.11.20"]
[Round "?"]
[White "ELLI"]
[Black "Hossa"]
[Result "0-1"]
[WhiteElo "2010"]
[BlackElo "2594"]
[PlyCount "62"]
[EventDate "2000.??.??"]

1. e4 c6 2. Nf3 d5 3. exd5 cxd5 4. d4 Nc6 5. c4 Bg4 6. Nc3 Bxf3 7. gxf3 Nf6 8.
c5 Qd7 9. Be3 O-O-O 10. Qb3 e5 11. O-O-O exd4 12. Bf4 dxc3 13. Bb5 cxb2+ 14.
Kxb2 Bxc5 15. Rhe1 Bxf2 16. Re2 Bb6 17. Red2 Bc7 18. Be3 Be5+ 19. Kb1 Qf5+ 20.
Kc1 Qxf3 21. Rd3 Bxh2 22. Bxc6 bxc6 23. Qa4 Kd7 24. Qxa7+ Bc7 25. Bb6 Qf4+ 26.
Kb1 Ra8 27. Qxc7+ Qxc7 28. Bxc7 Kxc7 29. a3 Ne4 30. Rg1 g6 31. Rg4 Nf2 {
ELLI resigns} 0-1

[Event "ICS rated bullet match"]
[Site "204.178.125.65"]
[Date "2000.11.20"]
[Round "?"]
[White "Hossa"]
[Black "ELLI"]
[Result "1-0"]
[WhiteElo "2595"]
[BlackElo "2009"]
[PlyCount "51"]
[EventDate "2000.??.??"]

1. d4 Nc6 2. Nf3 Nb8 3. e4 Nf6 4. e5 Ng8 5. Nc3 e6 6. d5 exd5 7. Nxd5 c6 8. Bg5
Qa5+ 9. Nc3 h6 10. Be3 Bb4 11. Qd2 Ne7 12. Bc4 O-O 13. O-O Nf5 14. a3 Be7 15.
Nd5 Qd8 16. Nxe7+ Qxe7 17. Bf4 Nh4 18. Nxh4 Qxh4 19. Bd3 Na6 20. Bxa6 bxa6 21.
Be3 Bb7 22. Qxd7 Rab8 23. Bxa7 Rfd8 24. Qc7 c5 25. Bxb8 Qg5 26. Qxb7 {
ELLI resigns} 1-0

[Event "ICS rated blitz match"]
[Site "204.178.125.65"]
[Date "2000.11.20"]
[Round "?"]
[White "Hossa"]
[Black "sekere"]
[Result "1/2-1/2"]
[WhiteElo "2446"]
[BlackElo "2214"]
[PlyCount "59"]
[EventDate "2000.??.??"]

1. d4 d5 2. Nf3 Nf6 3. g3 Bg4 4. Bg2 c6 5. Bf4 Nbd7 6. h3 Bh5 7. g4 Bg6 8. Nh4
e6 9. Nxg6 hxg6 10. Nd2 Nb6 11. a4 a5 12. e4 dxe4 13. Nxe4 Nxe4 14. Bxe4 Bd6
15. Bxd6 Qxd6 16. c3 O-O 17. Qb3 Qc7 18. O-O Nd5 19. Qd1 Nf4 20. Qf3 g5 21.
Rfe1 Rad8 22. b3 Rfe8 23. Qe3 Qd6 24. Ra2 Re7 25. Rb2 Rde8 26. Rd2 Qa3 27. Bc2
Qd6 28. Be4 Qa3 29. Bc2 Qd6 30. Be4 {Game drawn by repetition} 1/2-1/2

[Event "ICS rated blitz match"]
[Site "204.178.125.65"]
[Date "2000.11.20"]
[Round "?"]
[White "QueenMaxima"]
[Black "Hossa"]
[Result "1-0"]
[WhiteElo "2602"]
[BlackElo "2437"]
[PlyCount "133"]
[EventDate "2000.??.??"]

1. e4 c6 2. d4 d5 3. Nc3 dxe4 4. Nxe4 Nd7 5. Bd3 Ndf6 6. Ng5 e6 7. Ne2 Bd6 8.
O-O Ne7 9. Bf4 Bxf4 10. Nxf4 Qa5 11. Nf3 O-O 12. Re1 c5 13. Re5 Qc7 14. Nh5 Nd7
15. Rg5 Ng6 16. c3 Rd8 17. Bxg6 hxg6 18. Ng3 b5 19. a4 bxa4 20. Rxa4 Nb6 21.
Ra5 cxd4 22. Nxd4 Nd5 23. Qa1 Bd7 24. Nge2 Be8 25. Kh1 Qe7 26. Re5 Qh4 27. f4
Qf2 28. Qc1 Rd6 29. b4 a6 30. Rc5 f6 31. Re4 Bd7 32. Nf3 f5 33. Ng3 Bb5 34. c4
Nc3 35. Re1 Na2 36. Qa1 Nxb4 37. Rxb5 Nc2 38. Qa2 Qa7 39. Qxc2 axb5 40. cxb5
Qb6 41. Ne5 Qe3 42. Ne2 Qf2 43. Rc1 Rad8 44. Nc4 R6d7 45. b6 Rb7 46. Rb1 Rbd7
47. Ra1 Rb7 48. Qb2 Rbd7 49. h3 Rb8 50. Rc1 Ra8 51. Qe5 Re7 52. Rb1 Ree8 53. b7
Rab8 54. Na5 Qh4 55. Nc6 Qf6 56. Qxb8 Rxb8 57. Nxb8 Kh7 58. Nc6 g5 59. b8=Q
gxf4 60. Nxf4 g6 61. Rb7+ Kh6 62. Ne5 Kg5 63. Nf3+ Kh6 64. Qg8 Qa1+ 65. Kh2
Qh1+ 66. Kxh1 g5 67. Rh7# {Hossa checkmated} 1-0

[Event "ICS rated blitz match"]
[Site "204.178.125.65"]
[Date "2000.11.20"]
[Round "?"]
[White "Mint"]
[Black "Hossa"]
[Result "0-1"]
[WhiteElo "2297"]
[BlackElo "2428"]
[PlyCount "148"]
[EventDate "2000.??.??"]

1. e4 e5 2. Nf3 Nc6 3. Bb5 a6 4. Ba4 Nf6 5. O-O Be7 6. Bxc6 dxc6 7. Nxe5 Nxe4
8. d3 Nf6 9. Qe2 O-O 10. Bd2 Re8 11. Nc3 Bd6 12. Bf4 Ng4 13. d4 f6 14. Qc4+ Be6
15. Qe2 fxe5 16. dxe5 Bb4 17. Ne4 Qd4 18. c3 Qc4 19. Qxc4 Bxc4 20. Rfe1 Bf8 21.
Bg3 Nxe5 22. Nd2 Rad8 23. Rxe5 Rxe5 24. Nxc4 Re4 25. Na5 Rd2 26. b4 Rxa2 27.
Rf1 c5 28. Nxb7 cxb4 29. cxb4 Bxb4 30. h3 Rc2 31. Nd8 Re8 32. Rd1 Bd6 33. Bh4
h6 34. Nb7 Be5 35. Bd8 Rf8 36. f3 Kf7 37. Bh4 Kg6 38. Re1 Bd4+ 39. Kh1 Rb8 40.
Rb1 Kh5 41. Be7 Re2 42. g4+ Kg6 43. Bh4 Rf8 44. Rf1 Be5 45. Kg1 Kh7 46. g5 hxg5
47. Bxg5 Kg6 48. f4 Bd4+ 49. Kh1 Rb8 50. Rb1 Rh8 51. Rb3 Be3 52. h4 Bxf4 53.
Bd8 Kf5 54. Kg1 Rd2 55. Ra3 Rb2 56. Ra5+ Kg4 57. Rxa6 Rxb7 58. Be7 c6 59. Bg5
Rb1+ 60. Kf2 Rb2+ 61. Kg1 Re8 62. Ra1 Bxg5 63. hxg5 Kxg5 64. Rc1 Ree2 65. Rc5+
Kf4 66. Rc4+ Ke3 67. Rc1 Rg2+ 68. Kh1 Rh2+ 69. Kg1 Rbg2+ 70. Kf1 Rc2 71. Rxc2
Rxc2 72. Kg1 Kf3 73. Kh1 Kg3 74. Kg1 Rc1# {Mint checkmated} 0-1

[Event "ICS rated blitz match"]
[Site "204.178.125.65"]
[Date "2000.11.20"]
[Round "?"]
[White "Hossa"]
[Black "Mint"]
[Result "0-1"]
[WhiteElo "2438"]
[BlackElo "2287"]
[PlyCount "136"]
[EventDate "2000.??.??"]

1. d4 Nf6 2. Nc3 d5 3. Bg5 Nc6 4. e3 e6 5. Qd2 Be7 6. O-O-O O-O 7. f3 h6 8. Bh4
Ne4 9. fxe4 Bxh4 10. Nf3 Be7 11. Bd3 Nb4 12. g4 c6 13. h4 Qa5 14. Kb1 b6 15.
Ne5 Bd6 16. a3 Nxd3 17. Nxc6 Nxb2 18. Nxa5 Nxd1 19. Nb5 Bg3 20. Qxd1 bxa5 21.
Qf3 Rb8 22. Qxg3 Rxb5+ 23. Kc1 dxe4 24. Kd2 e5 25. a4 Rb4 26. Qxe5 Rxa4 27.
Qxe4 Bd7 28. Rg1 a6 29. Qd5 Be6 30. Qc6 Ra2 31. Qxa6 Rc8 32. Qd3 Bc4 33. Qf5
Be6 34. Qe4 Bb3 35. Qb7 Raxc2+ 36. Kd3 R2c3+ 37. Ke2 Rd8 38. Kd2 Rdc8 39. Rb1
Rc2+ 40. Kd3 Ba4 41. Rb6 Rc1 42. Qd5 R8c3+ 43. Ke4 Bc2+ 44. Kf3 a4 45. Rb7 Rf1+
46. Ke2 Bd3+ 47. Kd2 Ra3 48. Qd8+ Kh7 49. e4 Ba6 50. Rb8 Rf2+ 51. Kc1 Ra1+ 52.
Rb1 Raa2 53. Rb2 Raxb2 54. Qd7 Ra2 55. Qf5+ Rxf5 56. exf5 Rg2 57. g5 hxg5 58.
hxg5 Rxg5 59. f6 Rd5 60. Kc2 g5 61. Kb2 Rxd4 62. Kc3 Re4 63. Kd2 a3 64. Kc2 a2
65. Kb2 Ra4 66. Kc2 a1=Q 67. Kd2 Qb2+ 68. Ke3 Qe2# {Hossa checkmated} 0-1

[Event "ICS rated blitz match"]
[Site "204.178.125.65"]
[Date "2000.11.20"]
[Round "?"]
[White "Hossa"]
[Black "ATOS"]
[Result "1-0"]
[WhiteElo "2415"]
[BlackElo "2061"]
[PlyCount "205"]
[EventDate "2000.??.??"]

1. e4 c5 2. c3 e6 3. d4 d5 4. e5 Nc6 5. Nf3 Bd7 6. a3 cxd4 7. cxd4 Nge7 8. b4
Ng6 9. Be2 Be7 10. O-O O-O 11. Bd3 f6 12. exf6 Bxf6 13. Bxg6 hxg6 14. Be3 g5
15. Nc3 g4 16. Ne1 Qe8 17. b5 Ne7 18. Nd3 Qg6 19. Nc5 Bc8 20. Qd2 b6 21. Nd3
Nf5 22. Ne5 Bxe5 23. dxe5 Bb7 24. Bf4 Rac8 25. Rfc1 Rc4 26. Ne2 Rfc8 27. Rxc4
Rxc4 28. Rc1 Rxc1+ 29. Qxc1 Qe8 30. a4 Qc8 31. Qxc8+ Bxc8 32. Kf1 Kf7 33. Bg5
Ke8 34. Ke1 Kd7 35. Kd2 a6 36. Kd3 axb5 37. axb5 Kc7 38. Kc3 Bd7 39. Kb4 Be8
40. Ka4 Bd7 41. Nc3 Nd4 42. Be3 Nf5 43. Ne2 Be8 44. Nd4 Nxd4 45. Bxd4 Bg6 46.
g3 Bd3 47. Kb4 g6 48. Be3 Be2 49. Bg5 Bd3 50. Be7 Be2 51. Ka4 Bd3 52. Bd6+ Kb7
53. Bf8 Be2 54. Be7 Bd3 55. Kb4 Be2 56. Bg5 Bd3 57. Bf6 Be4 58. Kc3 Bg2 59. Bd8
Bf1 60. Kb4 Bg2 61. Ka4 Bf1 62. Bg5 Bg2 63. Bf6 Bf1 64. Kb4 Bg2 65. Bg5 Bf1 66.
Bh6 Bg2 67. Kb3 Bf1 68. Ka4 Be2 69. Bf4 Bf1 70. Bc1 Be2 71. Kb4 Bf1 72. Bd2 Be2
73. Bf4 Bf1 74. Be3 Be2 75. Bd2 Bf1 76. Be1 Be2 77. Bc3 Bf1 78. Bb2 Be2 79. Ba3
Bf1 80. Ka4 Be2 81. Bb2 Bf1 82. Bc3 Be2 83. Bd4 Bd1+ 84. Kb4 Be2 85. Kc3 Bf1
86. Kd2 Bxb5 87. Ke3 Be8 88. Kf4 b5 89. Kxg4 b4 90. Kg5 Kc6 91. Kf6 Kd7 92. f4
Kc8 93. Kxe6 b3 94. Kxd5 Kd7 95. e6+ Ke7 96. g4 Kf8 97. f5 gxf5 98. gxf5 Bh5
99. f6 Bf3+ 100. Ke5 Bc6 101. f7 Ke7 102. Bc5+ Kd8 103. Kd6 {ATOS resigns} 1-0

[Event "ICS rated blitz match"]
[Site "204.178.125.65"]
[Date "2000.11.20"]
[Round "?"]
[White "ATOS"]
[Black "Hossa"]
[Result "0-1"]
[WhiteElo "2057"]
[BlackElo "2419"]
[PlyCount "64"]
[EventDate "2000.??.??"]

1. d4 Nf6 2. Nf3 d5 3. Bf4 e6 4. e3 Bd6 5. Bxd6 cxd6 6. Nbd2 Nc6 7. c3 e5 8.
Be2 e4 9. Ng1 O-O 10. h3 Be6 11. Bg4 Qd7 12. Bxe6 fxe6 13. Ne2 e5 14. Nb3 Qf7
15. O-O b6 16. a4 a6 17. a5 bxa5 18. Nxa5 Ne7 19. Ng3 Rab8 20. Qe2 exd4 21.
cxd4 Rb6 22. Rfc1 h5 23. Rc7 Rfb8 24. b3 Qe8 25. Rac1 h4 26. Nf1 Qd8 27. Qc2
Rb5 28. Ra1 Ne8 29. Rxe7 Qxe7 30. Nc6 Qc7 31. Rxa6 R8b6 32. Rxb6 Rxb6 {
ATOS resigns} 0-1